Responses for Show #2311 - Monday, September 26, 1994

Contestants

[<< previous game]

Reed White, a cost analyst from McLean, Virginia

Toni Andruk, a supervisory contract specialist from Maple Shade, New Jersey

Bob Zalin, a Ph.D. candidate from New York City, New York (whose 1-day cash winnings total $9,500)

[next game >>]

Jeopardy! Round responses

BLACK AMERICA
ARCHAEOLOGY
PEOPLE & PLACES
BUSINESS & INDUSTRY
FRANCIS THE TALKING MULE
POTPOURRI
    $100 2
the Kentucky Derby

Toni
    $100 8
Jericho

Toni
    $100 22
Madrid

Reed
    $100 20
Apple

Toni
    $100 9
Clint Eastwood

Toni
    $100 26
Van Gogh

Bob
    $200 3
(Reed: Who is Gumbel?)
(Alex: Be more specific.)

Greg Gumbel

Reed
    $200 7
the Etruscans

Toni
    $200 15
(Toni: What is coffee?)

tea

BobToni
    $200 21
Gallo

Reed
    $200 10
Leonard Nimoy

Bob
    $200 27
"Hello!"

Bob
    $300 4
Harriet Tubman

Bob
    $300 1
Stonehenge

Reed
    $300 11
Florentine

Bob
    $300 25
Gillette

Triple Stumper
    $300 23
Mr. Ed

Reed
    $300 16
vultures

Bob
    $400 13
Howard

Bob
    $500 5
sheep

Bob
    $400 12
a Frankfurter

Reed
    $400 28
Honda

Reed
    $400 24
(Reed: Who is Joey Brown?)

Donald O'Connor

Reed
Triple Stumper
    $400 17
Bigfoot (Sasquatch)

Bob
    $500 19
Medgar Evers

Reed
    $500 6
(Toni: What is bronze?)

iron

BobToni
    $500 14
South Carolina

Bob
    $500 29
Hartsfield International

Triple Stumper
    $500 30
Mickey Rooney

Bob
    $500 18
plantains

Reed

Scores at the first commercial break (after clue 15):

Bob Toni Reed
$2,900 -$200 $900

Scores at the end of the Jeopardy! Round:

Bob Toni Reed
$4,400 -$100 $2,500

Double Jeopardy! Round responses

WORLD HISTORY
CANADIAN PROVINCES
20th CENTURY WOMEN
COMPOSERS
GOVERNMENT & POLITICS
BESTSELLERS
    $200 17
Alexander the Great

Bob
    $200 25
Quebec

Bob
    $200 1
Eleanor Roosevelt

Toni
    $200 21
Irish

Reed
    $200 26
Colorado

Reed
    $200 10
Waldo

Reed
    $400 16
Gandhi

Reed
    $400 13
Manitoba

Reed
    $400 2
Anna Freud

Bob
    $400 6
Tchaikovsky

Bob
    $400 27
(Reed: What is the Interior?)

the Department of Agriculture

Reed
Triple Stumper
    $400 11
Israel

Bob
    $600 7
Bismarck

Bob
    $600 28
British Columbia

Bob
    $600 22
(Georgia) O'Keeffe

Reed
    $600 3
Robert Schumann

Bob
    $600 18
a caucus

Bob
    $600 12
Dick Francis

Bob
    $800 8
Hungary

Bob
    $800 29
Nova Scotia

Bob
    $3,000 23
(Reed: I have no idea.)
(Alex: She starred in the film Never On Sunday; who is [*]?)

Melina Mercouri

Reed
    $800 4
Stravinsky

Bob
    $800 19
(Bill) Bradley

Bob
    $800 14
Venus

Toni
    $1000 9
Anne

Reed
    $1000 30
New Brunswick

Bob
    $1000 24
Gertrude Ederle

Bob
    $1000 5
Verdi

Bob
    $1,000 20
(Bob) Kerry (or James Exon)

Bob
    $1000 15
Like Water for Chocolate

Bob

Scores at the end of the Double Jeopardy! Round:

Bob Toni Reed
$17,200 $900 $2,100
(lock game)

[wagering suggestions for these scores]

Final Jeopardy! Round responses

EUROPEAN GEOGRAPHY
ToniWhat is Monaco?
$800
ReedWhat is Monaco?
$0
BobWhat is Ukraine?
$2,200
Monaco

Final scores:

Bob Toni Reed
$15,000 $1,700 $2,100
2-day champion: $24,500 3rd place: Sakura stoneware set 2nd place: Keller dining furniture + Retrone U hostess flatware set

Game dynamics:

Coryat scores:

Bob Toni Reed
$17,100 $900 $5,100
32 R
(including 2 DDs),
0 W
7 R,
2 W
16 R,
3 W
(including 1 DD)

Combined Coryat: $23,100

[game clues] [game scores] [suggest correction]

Game tape date: 1994-07-27
The J! Archive is created by fans, for fans. Scraping, republication, monetization, and malicious use prohibited; this site may use cookies and collect identifying information. See terms. The Jeopardy! game show and all elements thereof, including but not limited to copyright and trademark thereto, are the property of Jeopardy Productions, Inc. and are protected under law. This website is not affiliated with, sponsored by, or operated by Jeopardy Productions, Inc. Join the discussion at JBoard.tv.